AHL Teams By Logos - Statistics

General Stats
  • This quiz has been taken 453 times
  • The average score is 26 of 32
Answer Stats
Picture Answer % Correct
Hershey Bears
96%
Texas Stars
93%
Manitoba Moose
91%
Rochester Americans
91%
WBS Penguins
91%
Iowa Wild
90%
Providence Bruins
90%
Colorado Eagles
89%
Chicago Wolves
88%
Cleveland Monsters
85%
Toronto Marlies
84%
Tucson Roadrunners
84%
Utica Comets
84%
Hartford Wolf Pack
83%
Lehigh Valley Phantoms
83%
Laval Rocket
81%
Milwaukee Admirals
80%
San Diego Gulls
80%
Belleville Senators
79%
Bridgeport Islanders
79%
Ontario Reign
79%
Charlotte Checkers
78%
Grand Rapids Griffins
76%
San Jose Barracuda
76%
Coachella Valley Firebirds
75%
Rockford IceHogs
74%
Syracuse Crunch
74%
Abbotsford Canucks
73%
Henderson Silver Knights
73%
Springfield Thunderbirds
73%
Bakersfield Condors
68%
Calgary Wranglers
56%
No matching quizzes found
Score Distribution
Percent of People with Each Score
Percentile by Number Answered
Your Score History
You have not taken this quiz